000 01094nam a22003137a 4500
001 6253
003 FISKH
005 20250407093210.0
008 250407b cb ||||| |||| 00| 0 eng d
020 _a9780545683128
040 _aDLC
_cDLC
_dDLC
_beng
050 _aPZ7.C94137 M
082 _a813.6
100 1 _aCurtis, Christopher Paul
_d(1953-)
245 1 4 _aThe mighty Miss Malone /
_cChristopher Paul Curtis.
250 _aThis edition first published in 2014
260 _aNew York :
_bScholastic,
_c2012
300 _a307 pages :
_c20 cm
505 _aR
520 _aWith love and determination befitting the "world's greatest family," twelve-year-old Deza Malone, her older brother Jimmie, and their parents endure tough times in Gary, Indiana, and later Flint, Michigan, during the Great Depression.
521 8 _a750
_bLexile
521 8 _aR
_bRaz-Plus
650 1 _aFamily life
_vFiction.
650 1 _aDepressions
_y1929
_vFiction.
650 1 _aPoverty
_vFiction.
906 _a7
_bcbc
_corignew
_d1
_eecip
_f20
_gy-gencatlg
942 _2ddc
_cBK
_n0
999 _c6253
_d6253